| 000 | 01349nam0a22002651 4500 | ||
|---|---|---|---|
| 001 | rc\2594075 | ||
| 005 | 20230421102232.0 | ||
| 035 | _a(NLR Aleph) 006758268 | ||
| 090 |
_a5816900 _c5816900 |
||
| 100 | _a20110914d1929 |||y0rusy50 ca | ||
| 101 | 0 | _arus | |
| 102 | _aRU | ||
| 105 | _ay z ||||| | ||
| 200 | 1 |
_aГеология _fС. А. Яковлев |
|
| 210 |
_aМосква _cРаботник просвещения _d1929 _e[Саратов] _gтип. № 2 Сарполиграфпрома |
||
| 215 |
_a92 с. _d17х13 см. |
||
| 225 | 1 |
_aСтупени самообразования. Систематические программы самообразовательного чтения. Химико-технический цикл _fЦентр. ком -т Профес. союза работников просвещения СССР. Комиссия помощи самообразованию при Культотд. ЦК. Под ред. А. Г. Калашникова и А. И. Пинкевича _vСтупень 3 |
|
| 320 | _aБиблиография: "Литература" (4 названия) | ||
| 700 | 1 |
_aЯковлев _bС. А. _f1878-1957 _gСергей Александрович |
|
| 801 | 0 |
_aRU _bNLR _gpsbo |
|
| 801 | 1 |
_aRU _bELAR _2rusmarc |
|
| 852 |
_aNLR _j85/869-[1] |
||
| 942 | _cBOOK | ||
| 980 | _aNB | ||